How they lived in a Roman fort /

Furkejuvvon:
Bibliográfalaš dieđut
Váldodahkki: Thomas, Imogen
Materiálatiipa: Girji
Giella:eaŋgalasgiella
Almmustuhtton: Giuldford : Lutherworth, c1983.
Fáddágilkorat: Lasit fáddágilkoriid
Eai fáddágilkorat, Lasit vuosttaš fáddágilkora!

MARC

LEADER 00000cam a22000002a 4500
001 0000008702
003 DAYSTAR
005 20171002014538.0
008 030703s1983 xx 001 0 eng d
020 |a 0718824385 
040 |a Daystar 
040 |d COnyango 
050 0 0 |a DG265  |b .G36 
100 1 |a Thomas, Imogen. 
245 1 0 |a How they lived in a Roman fort /  |c Imogen Thomas. 
260 |a Giuldford :  |b Lutherworth,  |c c1983. 
300 |a 31 p. :  |b ill. 
500 |a Includes index. 
908 |a 060412 
942 |c BK 
999 |c 2463  |d 2463